| 000 | 00659nas a2200229 4500 | ||
|---|---|---|---|
| 001 | BR9601250 | ||
| 003 | BR-BrBNA | ||
| 005 | 20231205095707.0 | ||
| 007 | ta | ||
| 008 | 230509b bl.|||p| |||| 00| 00por d | ||
| 040 |
_aBR-BrBNA _bpor _cBiblioteca Nacional de Agricultura |
||
| 041 | _a(Pt) | ||
| 072 | _aK10 | ||
| 100 | 1 | _aBohner, J.A.M. | |
| 245 | 1 | _aLouro - uma boa opcao para reflorestamento | |
| 650 | _aFreijo-Louro | ||
| 650 | _aReflorestamento | ||
| 650 | _aPlantio | ||
| 773 | 0 |
_tAgropecuaria Catarinense (Brazil) _xISSN 0103-0779 _g(Jun 1993), v. 6(2) p. 54-56 _wBR9601250 |
|
| 909 |
_a202311 _bLúcia _c55 _dLúcia Elande |
||
| 942 |
_2AGRIS _n0 _cANA |
||
| 999 |
_c152186 _d152186 |
||